Wybory prezydenckie 2025 - wyniki pierwszej tury - Statystyki

Ogólne statystyki
  • Ten quiz został rozwiązany 280 razy
  • Średni wynik to 11 z 13
Statystyki odpowiedzi
Kandydat na prezydenta Liczba głosów Udział procentowy % Poprawnych
Karol Nawrocki 5 790 804 29,54%
100%
Rafał Trzaskowski 6 147 797 31,36%
99%
Sławomir Mentzen 2 902 448 14,81%
99%
Grzegorz Braun 1 242 917 6,34%
97%
Szymon Hołownia 978 901 4,99%
92%
Adrian Zandberg 952 832 4,86%
88%
Magdalena Biejat 829 361 4,23%
88%
Krzysztof Stanowski 243 479 1,24%
82%
Joanna Senyszyn 214 198 1,09%
80%
Marek Woch 18 338 0,09%
79%
Maciej Maciak 36 371 0,19%
75%
Marek Jakubiak 150 698 0,77%
73%
Artur Bartoszewicz 95 640 0,49%
61%
Nie znaleziono quizów pasujących do podanych kryteriów
Rozkład punktacji
Procent ludzi z każdym wynikiem
Percentyl według liczby udzielonych odpowiedzi
Twoja historia wyników
Nie rozwiązałeś tego quizu